000 00594nam a22001817a 4500
020 _a9789386085719
082 _aM 894.812 092
_bJOS/K
100 _aJoseph Panakkal
_9155457
245 _aKuttippuzha Krishan Pillai Vicharaviplavathinte Deepasikha/
_cby Joseph Panakkal
260 _aKottayam:
_bSahitya Pravarthaka Cooperative Society,
_c2016.
300 _a118p.
650 _aBiography Kuttippuzha Krishnapillai
_9155458
650 _aBiography Malayalam
_9155459
650 _aBiography
_9155460
650 _aLiterature Malayalam
_9155461
650 _aLiterature
_9155462
942 _cBK
999 _c141709
_d141709